Drapeaux de pays fusionnés - Statistiques

Statistiques générales
  • Ce quiz a été pris 905 fois
  • Le résultat moyen est 11 sur 16
Statistiques - réponses
Par images Réponse % Correct
Chine + Vietnam
98%
Kosovo + Chypre
93%
Etats-Unis + Malaisie
84%
Bahreïn + Maroc
82%
Algérie + Pakistan
81%
Niger + Inde
81%
Arabie Saoudite + Zambie
77%
Côte d'Ivoire + Irlande
77%
Soudan + Egypte
68%
Islande + Cap-Vert
67%
Philippines + Haïti
67%
Koweït + Iran
61%
Nicaragua + Salvador
58%
Namibie + Mauritanie
50%
Saint-Christophe-et-Niévès + Tanzanie
38%
Emirats Arabes Unis + Syrie
37%
Aucun quiz correspondant
Distribution des résultats
% des personnes avec chaque résultat
Percentile par nombre de réponses
Votre historique - résultats
Vous n’avez pas pris ce quiz